| 000 | 01773nam a22003497a 4500 | ||
|---|---|---|---|
| 005 | 20100601102611.0 | ||
| 008 | 100601t xxu||||| |||| 00| 0 eng d | ||
| 010 | _aENG-96230 B-423003-004 | ||
| 020 |
_a9780070680159 _c545.00 |
||
| 020 |
_a0070680159 _c545.00 |
||
| 035 | _aEN-79763 B-423003-004 | ||
| 037 | _bDBAD/PUB | ||
| 037 | _bAllied Pub/Ven | ||
| 040 |
_aDPL _bEng |
||
| 082 | _a338.88 | ||
| 100 |
_aNandi, Sukumar _929481 |
||
| 245 |
_aInternational business environment / _cby Sukumar Nandi |
||
| 260 |
_aNew Delhi _bTata McGraw Hill _c2010 |
||
| 270 |
_a7, West Patel Nagar _bNew Delhi _e110008 |
||
| 300 |
_axviii, 270 p. _c23 cm. (Hb) |
||
| 500 | _aincludes index | ||
| 650 |
_aInternational business enterprises. _929482 |
||
| 650 |
_aInternational business enterprises. _vCase Studies _929483 |
||
| 650 |
_aGlobalization _vCase Studies _xEconomic aspects. _929484 |
||
| 650 |
_aGlobalization _xEconomic aspects. _929485 |
||
| 942 |
_2ddc _cEN _mNAN _h338.88 |
||
| 999 |
_c36429 _d36429 |
||